000 00714nam a2200193Ii 4500
003 JO-AjNU
008 230605s9999||||xx |||||||||||||| ||und||
040 _aJO-AjNU
_bara
_erda
_cJO-AjNU
041 _aara
050 1 4 _aUA854.R38 1998
100 3 _aالرواي،حازم عبد القهار,
_eauthor
_910516
245 0 0 _aالروح المعنوية للجيش العربي الاسلامي في صدر الاسلام
264 3 1 _aبغداد :دار الشؤون الثقافية العامة , 1998
300 _a204ص
336 _atext
_btxt
_2rdacontent
337 _aunmediated
_bn
_2rdamedia
338 _avolume
_bnc
_2rdacarrier
650 4 _aالروح المعنوية-الجيش العربي
_910517
999 _aA1845
_c5413
_d5413